01643nac a22003855i 4500003000900000005001700009008004100026020001800067020001500085040004300100082002200143100003900165245030300204246001500507250002000522264003900542264001000581300004600591336002600637337002800663338002700691490003000718500002100748500002400769590000900793650005500802653002300857653002400880655001700904700004300921942001200964999001700976952013200993952013201125EG-ScBUE20250227103144.0150824t2008 nyua f 001 0 eng d a9780071485845 a0071485848 aEG-ScBUEbengerdacEG-ScBUEdEG-ScBUE04a519.5076bSPI2221 aSpiegel, Murray R.,eauthor.9261710aSchaum’s outline of theory and problems of statistics /cMurray R. Spiegel, Ph.D., Former Professor and Chairman, Mathematics Department, Rensselaer Polytechnic Institute, Hartford Graduate Center, Larry J. Stephens, Ph.D., Full Professor, Mathematics Department, University of Nebraska at Omaha.30aStatistics aFourth edition. 1aNew York : bMcGraw-Hill, c[2008] 4cc2008 axix, 577 pages :billustrations ;c28 cm. 2rdacontentatextbtxt aunmediated2rdamediabn avolumebnc2rdacarrier0 aSchaum’s outline series aIncludes index.  aIncludes appendix.  adoha 7aStatisticsvProblems, exercises, etc.2BUEsh94000 bENGELCcAugust2015 bENGELCcOctober2016 vReading book1 aStephens, Larry J.‏,eauthor.941314 cBB2ddc c22448d22420 00102ddc40708BaccahaMAINbMAINc1STd2016-10-04ePurchasel0o519.5076 SPIp000010762r2025-07-15 00:00:00w2016-10-04yBB 00102ddc40708BaccahaMAINbMAINc1STd2016-10-04ePurchasel0o519.5076 SPIp000010222r2025-07-15 00:00:00w2016-10-04yBB